000 00830 a2200241 4500
003 CBULib
005 20240626094635.0
008 240626b |||||||| |||| 00| 0 eng d
040 _aCBULib
_bEnglish
_cCBULib
_erda
041 _aeng
050 _aCBU-PG THEIS/CHA
100 _aChama, Emeldah
245 _aExploring effects of strategic management on organisational performance : evidence from commercial utility oganisations in Zambia
_c/ by Emeldah Chama
260 _bCopperbelt University,
_c2023.
_aKitwe :
300 _axi, 75 pages : illustrations
336 _2rdacontent
_aText |
_btxt
337 _2rdamedia
_aUnmediated |
_bn
338 _2rdacarrier
_aVolume
_bnc
504 _aincludes references
650 0 _93014
_aSTRATEGIC MANAGEMENT--ZAMBIA
650 0 _93015
_aPERFORMANCE MANANGEMENT
942 _2mc
_c030
999 _c85092
_d85092